The Genesis and Formation of the World Council of Churches (Record no. 11001)

MARC details
000 -LEADER
fixed length control field 00713nam a2200253 a 4500
001 - CONTROL NUMBER
control field 0001-1001
003 - CONTROL NUMBER IDENTIFIER
control field ELIB.Books
008 - FIXED-LENGTH DATA ELEMENTS--GENERAL INFORMATION
fixed length control field 141016 2010 eng
020 ## - INTERNATIONAL STANDARD BOOK NUMBER
International Standard Book Number 282540733X
035 ## - SYSTEM CONTROL NUMBER
System control number (ELIB.Books)0001-1155
092 ## - LOCALLY ASSIGNED DEWEY CALL NUMBER (OCLC)
Classification number 262.5
Item number Hoo
100 ## - MAIN ENTRY--PERSONAL NAME
Personal name Hooft, W. A. Visser 't.
245 ## - TITLE STATEMENT
Title The Genesis and Formation of the World Council of Churches
260 ## - PUBLICATION, DISTRIBUTION, ETC. (IMPRINT)
Place of publication, distribution, etc. Geneva
Name of publisher, distributor, etc. World Council of Churches
Date of publication, distribution, etc. 1987
300 ## - PHYSICAL DESCRIPTION
Extent 130
Dimensions 20.5 Cm
500 ## - GENERAL NOTE
General note Dr. Yahalaylayla
650 ## - SUBJECT ADDED ENTRY--TOPICAL TERM
Topical term or geographic name as entry element General Council
700 ## - ADDED ENTRY--PERSONAL NAME
Personal name Hooft, W. A. Visser 't.
856 ## - ELECTRONIC LOCATION AND ACCESS
Name of location of host KBTS; Library
Uniform Resource Identifier <a href="KBTS; Elib.">KBTS; Elib.</a>
942 ## - ADDED ENTRY ELEMENTS (KOHA)
Source of classification or shelving scheme Dewey Decimal Classification
Koha item type Books
990 ## - EQUIVALENCES OR CROSS-REFERENCES [LOCAL, CANADA]
Link information for 9XX fields 2
998 ## - LOCAL CONTROL INFORMATION (RLIN)
Cataloger's initials, CIN (RLIN) bat
-- 2014-10-16
-- cat
-- 2019-06-30
Holdings
Withdrawn status Lost status Source of classification or shelving scheme Damaged status Not for loan Home library Current library Date acquired Total Checkouts Barcode Date last seen Bill Date Koha item type
    Dewey Decimal Classification     Karen Baptist Theological Seminary Library Karen Baptist Theological Seminary Library 16/10/2014   15219, 15744 22/01/2022 22/01/2022 Books
Implemented & Customized by: BestBookBuddies

Powered by Koha